Woman as victim of alcoholism / (Record no. 16714)

MARC details
000 -LEADER
fixed length control field 01113 a2200289 4500
005 - DATE AND TIME OF LATEST TRANSACTION
control field 20081014123653.0
008 - FIXED-LENGTH DATA ELEMENTS--GENERAL INFORMATION
fixed length control field 081014t xxu||||| |||| 00| 0 eng d
010 ## - LCCN (DPL NO)
LC control number ENG-91323
020 ## - INTERNATIONAL STANDARD BOOK NUMBER
International Standard Book Number 9788189915476
Terms of availability 650.00
035 ## - SYSTEM CONTROL NUMBER
System control number EN-74856
037 ## - SOURCE OF ACQUISITION
Source of stock number/acquisition DBAD / PUB
040 ## - CATALOGING SOURCE
Original cataloging agency dpl
Language of cataloging English
082 ## - DEWEY DECIMAL CLASSIFICATION NUMBER
Classification number 362.9208082
100 ## - MAIN ENTRY--PERSONAL NAME
Personal name Thavamony, J. Dinakarlal
245 ## - TITLE STATEMENT
Title Woman as victim of alcoholism /
Statement of responsibility, etc by J. Dinakarlal Thavamony (and) S. Gokilavani
260 ## - PUBLICATION, DISTRIBUTION, ETC. (IMPRINT)
Place of publication, distribution, etc New Delhi
Name of publisher, distributor, etc Regal Publications
Date of publication, distribution, etc 2008
270 ## - ADDRESS
Address F-159, Rajouri Garden,
State or province New Delhi
Postal code 110027
300 ## - PHYSICAL DESCRIPTION
Extent xi, 196p.:
Dimensions 22 cm (Hb)
Other physical details fig.
500 ## - GENERAL NOTE
General note Includes bibliographical references and index
650 ## - SUBJECT ADDED ENTRY--TOPICAL TERM
Topical term or geographic name as entry element Women
General subdivision Alcohol use
650 ## - SUBJECT ADDED ENTRY--TOPICAL TERM
Topical term or geographic name as entry element Alcoholism
General subdivision Treatment
650 ## - SUBJECT ADDED ENTRY--TOPICAL TERM
Topical term or geographic name as entry element Alcoholism
General subdivision Prevention
650 ## - SUBJECT ADDED ENTRY--TOPICAL TERM
Topical term or geographic name as entry element Women alcoholics
General subdivision Rehabilitation
700 ## - ADDED ENTRY--PERSONAL NAME
Personal name Gokilavani, S.
942 ## - ADDED ENTRY ELEMENTS (KOHA)
Institution code [OBSOLETE] dpl
Item type English Books
Source of classification or shelving scheme Dewey Decimal Classification
Call number suffix THA
Classification part 362.9208082
Holdings
Withdrawn status Lost status Source of classification or shelving scheme Damaged status Not for loan Collection code Home library Current library Date acquired Source of acquisition Cost, normal purchase price Total Checkouts Full call number Barcode Date last seen Copy number Cost, replacement price Koha item type
    Dewey Decimal Classification   Not For Loan Non-fiction D.B.Act.Division D.B.Act.Division 14/10/2008 DBAD / PUB 650.00   362.9208082 THA EN-74856 14/10/2008 1 650.00 English Books

© Delhi Public Library
Hit Counter
free hit counter